| 000 | 00355nam a22001457a 4500 | ||
|---|---|---|---|
| 999 |
_c6707 _d6707 |
||
| 003 | OSt | ||
| 005 | 20190119115422.0 | ||
| 008 | 190119b ||||| |||| 00| 0 eng d | ||
| 040 | _cDLC | ||
| 082 |
_a248 _bL782C |
||
| 245 |
_aChrist In You As Us ? _cBy Warren Litzman. |
||
| 260 |
_aTexas, USA : _bDeeper Life Crucades, |
||
| 300 | _a32 p.: | ||
| 942 |
_2ddc _cBK |
||